Geography Quiz

Random Geography or State Quiz

Countries with Most Powerful Leaders Quiz Stats

 Plays Quiz not verified by Sporcle

Challenge
Share
Tweet
Embed
Score 0/18 Timer 05:00
0 Plays Today
Overall Rank Country % Correct
#2United States
99.8%
#1China
97.7%
#7United Kingdom
97.3%
#19France
96.7%
#12Russia
95.8%
#6Germany
95.2%
#27Japan
92.9%
#16Brazil
89.8%
#14Italy
88.1%
Overall Rank Country % Correct
#18India
88.1%
#4Russia
84.4%
#26Iran
83%
#31North Korea
74.8%
#3Saudi Arabia
72.2%
#24Israel
66.5%
#56United Arab Emirates
43.5%
#51Chile
31.3%
#5Vatican City
16.9%

You're not logged in!

Compare scores with friends on all Sporcle quizzes.
Join for Free
OR
Log In

You Might Also Like...

Show Comments

Extras

Top Quizzes Today


Score Distribution

Your Account Isn't Verified!

In order to create a playlist on Sporcle, you need to verify the email address you used during registration. Go to your Sporcle Settings to finish the process.

Report this User

Report this user for behavior that violates our Community Guidelines.

Details: